Jak koronavirová krize promění logistiku e-shopů a přepravních společností? zbude čas na unikátní lidskou práci

Softvérová a hardvérová automatizácia nahradí ľudskú prácu v opakujúcich sa činnostiach, a digitálne nástroje budú pomáhať ľuďom lepšie robiť tú prácu, pri ktorej je ich unikátnosť nenahraditeľná. Firmy budú musieť investovať do tréningu svojich zamestnancov, aby dokázali využiť plný potenciál digit...

Descrizione completa

Salvato in:
Dettagli Bibliografici
Autore principale: Margaretis, Konstantin
Natura: Capitolo di libro
Lingua:ceco
Soggetti:
Tags: Aggiungi Tag
Nessun Tag, puoi essere il primo ad aggiungerne!!

MARC

LEADER 00000naa a2200000 4500
001 0267485
005 20200821103830.7
041 0 |a cze 
044 |a CZ 
245 1 0 |a Jak koronavirová krize promění logistiku e-shopů a přepravních společností?  |b zbude čas na unikátní lidskou práci  |c Konstantin Margaretis 
520 |a Softvérová a hardvérová automatizácia nahradí ľudskú prácu v opakujúcich sa činnostiach, a digitálne nástroje budú pomáhať ľuďom lepšie robiť tú prácu, pri ktorej je ich unikátnosť nenahraditeľná. Firmy budú musieť investovať do tréningu svojich zamestnancov, aby dokázali využiť plný potenciál digitálnych riešení. 
610 2 0 |a obchod elektronický 
610 2 0 |a logistika 
610 2 0 |a pokrok technologický 
610 2 0 |a digitalizácia 
610 2 0 |a práca ľudská 
100 1 |a Margaretis, Konstantin